Somatic embryogenesis in woody plants Vol 1 : History, molecular and biochemical aspects and applications (Record no. 41050)

MARC details
000 -LEADER
fixed length control field 00508nam a2200157Ia 4500
082 ## - DEWEY DECIMAL CLASSIFICATION NUMBER
Classification number 575.155:57.089.3
Item number SOM.1
100 ## - MAIN ENTRY--AUTHOR NAME
Personal name Mohan Jain, S
245 #0 - TITLE STATEMENT
Title Somatic embryogenesis in woody plants Vol 1 : History, molecular and biochemical aspects and applications
260 ## - PUBLICATION, DISTRIBUTION, ETC. (IMPRINT)
Place of publication Dordrecht
Name of publisher Kluwer Academic
Year of publication 1995
490 ## - SERIES STATEMENT
Series statement Forestry Sciences 45
650 ## - SUBJECT ADDED ENTRY--TOPICAL TERM
Topical Term Cryopreservation
650 ## - SUBJECT ADDED ENTRY--TOPICAL TERM
Topical Term Micropropagation
650 ## - SUBJECT ADDED ENTRY--TOPICAL TERM
Topical Term Plant tissue culture
942 ## - ADDED ENTRY ELEMENTS (KOHA)
Koha item type Books
Holdings
Withdrawn status Lost status Damaged status Not for loan Home library Current library Date acquired Cost, normal purchase price Full call number Accession Number Koha item type
        RRII Library RRII Library 16/12/2021 320.00 575.155:57.089.3 SOM.1 21342 Books